Statistics for Countries Highest Ranked Team Sports

Click here to take the quiz!

General Stats

  • This quiz has been taken 25 times
  • The average score is 7 of 23

Answer Stats

CountryBest Team Sport% Correct
ChileFootball
95%
IndiaCricket
82%
USABasketball
68%
CanadaIce Hockey
68%
AustraliaCricket
45%
ChinaBasketball
41%
IrelandRugby Union
41%
BrazilVolleyball
36%
NetherlandsField Hockey
32%
ItalyVolleyball
27%
ParaguayBaseball
23%
IndonesiaBaseball
18%
NigeriaBasketball
18%
RussiaIce Hockey
18%
LebanonRugby League
18%
BhutanFootball
14%
EgyptHandball
14%
JamaicaNetball
14%
BotswanaNetball
14%
MaltaRugby League
14%
MonacoRugby Union
14%
GuyanaHandball
9%
UAEIce Hockey
9%

Score Distribution

Percentile by Number Answered

Percent of People with Each Score

Your Score History

You have not taken this quiz